| 000 | 00690cam a2200145 4500500 | ||
|---|---|---|---|
| 005 | 20251228082905.0 | ||
| 041 | _afre | ||
| 042 | _adc | ||
| 100 | 1 | 0 |
_aEsmein-Sarrazin, Camille _eauthor |
| 245 | 0 | 0 | _aLes Méditerranées du XVIIe siècle. Actes du Colloque du Centre international de Rencontres sur le XVIIe siècle, Monopoli (Bari), 13-15 avril 2000, édités par Giovanni Dotoli, Tübingen, Gunter Narr Verlag, « Biblio 17 », 2002, 347 p. |
| 260 | _c2005. | ||
| 500 | _a59 | ||
| 786 | 0 | _nDix-septième siècle | 228 | 3 | 2005-09-01 | p. 563b-574b | 0012-4273 | |
| 856 | 4 | 1 | _uhttps://shs.cairn.info/revue-dix-septieme-siecle-2005-3-page-563b?lang=fr&redirect-ssocas=7080 |
| 999 |
_c1600019 _d1600019 |
||